Statistics for Πληκτρολογήστε γρήγορα έως 100

Click here to take the quiz!

General Stats

  • This quiz has been taken 1 999 times
  • The average score is 63 of 100

Answer Stats

#% Correct
1
100%
2
100%
3
100%
4
100%
5
100%
6
100%
8
100%
7
99%
9
99%
10
95%
12
94%
13
94%
11
93%
14
93%
15
92%
16
92%
17
91%
18
91%
20
90%
21
90%
19
89%
22
89%
23
89%
24
88%
25
87%
26
87%
28
87%
27
86%
29
86%
30
86%
32
85%
31
84%
33
84%
34
84%
35
82%
36
81%
37
80%
38
79%
39
78%
40
78%
44
77%
41
76%
42
75%
43
75%
45
75%
46
71%
47
70%
48
70%
50
70%
49
69%
51
68%
52
67%
53
66%
55
66%
54
64%
56
62%
57
60%
58
58%
59
57%
60
56%
61
53%
62
53%
63
51%
66
51%
64
48%
65
48%
67
46%
70
44%
68
43%
69
43%
71
40%
72
40%
77
39%
73
38%
74
36%
75
35%
78
35%
76
34%
79
31%
80
31%
82
30%
83
30%
81
29%
88
29%
84
27%
85
26%
90
26%
86
25%
87
25%
89
24%
91
23%
99
23%
92
22%
93
22%
94
21%
100
20%
95
19%
97
19%
98
19%
96
18%

Score Distribution

Percentile by Number Answered

Percent of People with Each Score

Your Score History

You have not taken this quiz